• 首页
  • 本馆介绍
  • 公告通知
  • 最新文献
  • 馆藏检索
  • 电子资源
  • 读者导购
  • 参考咨询
  • 我的图书馆
  • 登录
  • 详细信息显示
  • 放入我的书架
  • 预约/预借图书
  • 作者相关作品
  • 分类相关作品
  • 丛书相关作品
  • 出版社相关作品

书目信息

  • 表格格式
  • 工作单格式
  • 卡片格式
题名:
美术基础
    
 
作者: 梁平 主编
分册: 上册  
出版信息: 长沙   湖南科学技术出版社  20014.07
页数: 184页
开本: 26cm
丛书名:
单 册:
中图分类: J-43
科图分类:
主题词: 美术--小学教师--教材 , 美术
电子资源:
ISBN: 978-7-5357-5056-3
000 00796nam0 2200265 450
001 0108153907
005 20210322093905.55
010    @a978-7-5357-5056-3@dCNY39.00
100    @a20070104d2001 em y0chiy50 ea
101 0  @achi
102    @aCN@b430000
105    @aa z 000yy
106    @ar
200 1  @a美术基础@Amei shu ji chu@e试用@h上册@f梁平主编
210    @a长沙@c湖南科学技术出版社@d20014.07
215    @a184页@c图@d26cm
300    @a五年制专科层次小学教师培养教科书
304    @a湖南省教育厅组织编写
330    @a本书共分五章,内容包括美术作品鉴赏、素描、色彩、图案基础、美术字。
606 0  @a美术@x小学教师@j教材
606 0  @a美术
690    @aJ-43@v5
701  0 @a梁平@Aliang ping@4主编@c(美术教学)
801  0 @aCN@bBJSZM@c20210308
905    @b1271911-5@dJ-43@e71:1@f5
    
    美术基础:试用.上册/梁平主编.-长沙:湖南科学技术出版社,20014.07
    184页:图;26cm
    五年制专科层次小学教师培养教科书
    
    ISBN 978-7-5357-5056-3:CNY39.00
    本书共分五章,内容包括美术作品鉴赏、素描、色彩、图案基础、美术字。
●
相关链接 在E读中查询图书 在五车中查询图书 在当当中查询图书 在豆瓣中查询图书


正题名:美术基础     索取号:J-43/71:1         预约/预借

序号 登录号 条形码 馆藏地/架位号 状态 备注
1 1271911   212719110   第一样本阅览室/ [索取号:J-43/71:1] 在馆    
2 1271912   212719129   教育系资料室/ [索取号:J-43/71:1] 在馆    
3 1271913   212719138   教育系资料室/ [索取号:J-43/71:1] 在馆    
4 1271914   212719147   第一借阅区/ [索取号:J-43/71:1] 在馆    
5 1271915   212719156   第一借阅区/ [索取号:J-43/71:1] 在馆    
唐山师范学院图书馆 欢迎您!
大连网信软件有限公司© 版权所有